000 01550nam a2200421 i 4500
001 36476
003 FINmELB
005 20241216221424.0
006 m o d |
007 cr cnu||||||||
008 171117s2016 sp ob 000 0 spa d
020 _a9788436835243
_q(e-book)
035 _a(OCoLC)1145077573
040 _aFINmELB
_bspa
_erda
_cFINmELB
050 4 _aHF6178
_bF385 2016
080 _a659.1
082 0 _a659.1
_223
100 1 _aFerrer Lorenzo, Ignasi.
245 1 0 _aManual de gestión para la agencia de publicidad /
_cIgnasi Ferrer Lorenzo, Pablo Medina Aguerrebere.
264 1 _aMadrid :
_bEdiciones Pirámide,
_c2016.
300 _a1 recurso en línea (291 páginas)
336 _atexto
_btxt
_2rdacontent/spa
337 _acomputadora
_bc
_2rdamedia/spa
338 _arecurso en línea
_bcr
_2rdacarrier/spa
504 _aContiene bibliografía.
588 _aDescripción basada en metadatos suministrados por el editor y otras fuentes.
590 _aRecurso electrónico. Santa Fe, Arg.: elibro, 2020. Disponible vía World Wide Web. El acceso puede estar limitado para las bibliotecas afiliadas a elibro.
650 0 _aAdvertising agencies.
650 0 _aManagement.
650 4 _aPublicidad.
650 4 _aGestión.
655 4 _aLibros electrónicos.
700 1 _aMedina Aguerrebere, Pablo,
_eautor.
797 2 _aelibro, Corp.
856 4 0 _uhttps://elibro.net/ereader/politecnicointernacional/115590
999 _c36476
_d36476